00647nam a2200205Ia 4500003000400000008004100004020002300045040000800068100001900076245005000095260002300145300001500168365001200183901002100195902003800216903005800254942001200312952010000324999001700424LDD181029s9999 xx 000 0 und d a761971475cP 24.99 cLDD aSmith, Malcolm 0aResearch methods in accountingcMalcolm Smith aLondonbSagec2006 axiv, 241p. bP 24.99 a3623b05-01-2007 aANE/D/655b23-02-2007cFdANEe65 aDiscount-10bReqst by : Khanna, Beerendra Bahadur (Dr 2ddccBK 00102ddc4070978150aLDDbLDDl0o657.072 Sm62Rp061481r2018-11-01v2166.88w2018-11-01yBK c78151d78151